000 00570nam a2200181Ia 4500
005 20250508150745.0
008 008 250505s9999 xx 000 0 eng d
037 _aTextual
040 _aFEDL
_beng
_cFEDL
041 _aeng
_2eng
084 _a370.193, RAU
_qFEDL
100 _aRaup Bruce R...(et.al).
_9757548
245 0 _aImprovement of practical intelligence : The Central task of education
260 _aNew York, USA
_bHarper and Brothers Publishers
_c1950
300 _aviii,303p
942 _cTEXL
_h370.193, RAU
999 _c1325481
_d1325481